| 000 | 01409cam a22003617a 4500 | ||
|---|---|---|---|
| 003 | CHAP | ||
| 005 | 20220329142413.0 | ||
| 008 | 001129d2000 mx a r 00110 spa d | ||
| 010 | _a83011 | ||
| 011 | _a83983 | ||
| 035 | _a94502 | ||
| 040 | _cCHAP | ||
| 090 | _aTesis | ||
| 100 | 0 | 0 |
_aDeras Perla, Manuel de Jesús. _931858 |
| 245 | 1 | 0 |
_aCompuestos fenólicos asociados con la resistencia a sigatoka negra (Mycosphaerella fijiensis Morelet) en híbridos (AAAB) de plátano (Musa spp.) _c/por Manuel de Jesús Deras Perla |
| 260 |
_aChapingo, Méx. : _bEl autor, _c2000. |
||
| 300 |
_a95 h. : _bilus. ; cuadros |
||
| 502 | _aTesis (M.C. en Protección Vegetal) -- UACH. Departamento de Parasitología Agrícola. Maestría en Ciencias en Protección Vegetal. | ||
| 590 |
_aALEPH _b10 _c20130110 _lUCH01 _h1439 |
||
| 590 |
_aBATCH-UPD _b10 _c20130110 _lUCH01 _h0325 |
||
| 590 |
_aBATCH-UPD _b10 _c20130110 _lUCH01 _h1637 |
||
| 590 |
_aBATCH-UPD _b10 _c20130409 _lUCH01 _h2357 |
||
| 590 |
_aBATCH-UPD _b10 _c20130914 _lUCH01 _h1142 |
||
| 590 |
_aCONVERSION _b10 _c20130109 _lUCH01 _h1346 |
||
| 650 | 1 | 4 |
_aMycosphaerella fijiensis. _979933 |
| 650 | 1 | 4 |
_aPlátano _xEnfermedades. _989231 |
| 650 | 1 | 4 |
_aPlátano _xHíbridos. _989240 |
| 901 | _aBK | ||
| 905 | _aPatricia Mendoza P. | ||
| 942 | _cFOLL | ||
| 949 |
_bBC _cTES _d33724000801361 _eTS2 _fc.2 _h37366 _i94502 _si |
||
| 949 |
_bBC _cTES _d945021 _eTS1 _h37365 _i94502 _sb |
||
| 999 |
_c83011 _d83011 |
||